Monthly overview (Record no. 110344)
[ view plain ]
| 000 -LEADER | |
|---|---|
| fixed length control field | 00989cad a22002295a 4500 |
| 001 - CONTROL NUMBER | |
| control field | R149033 |
| 008 - FIXED-LENGTH DATA ELEMENTS--GENERAL INFORMATION | |
| fixed length control field | 091215s2009 xxkad f s 000 0 eng d |
| 035 ## - SYSTEM CONTROL NUMBER | |
| System control number | (Sirsi) u149033 |
| 041 0# - LANGUAGE CODE | |
| Language code of text/sound track or separate title | eng |
| 050 04 - LIBRARY OF CONGRESS CALL NUMBER | |
| Classification number | 333.33 $2 18 |
| 110 2# - MAIN ENTRY--CORPORATE NAME | |
| Corporate name or jurisdiction name as entry element | CB Richard Ellis |
| 9 (RLIN) | 3675 |
| 245 00 - TITLE STATEMENT | |
| Title | Monthly overview |
| Remainder of title | Central London offices, November 2009 |
| Medium | [electronic resource] |
| 260 ## - PUBLICATION, DISTRIBUTION, ETC. | |
| Place of publication, distribution, etc. | [S.l.] |
| Name of publisher, distributor, etc. | CBRE |
| Date of publication, distribution, etc. | 2009 |
| 490 #0 - SERIES STATEMENT | |
| Series statement | CB Richard Ellis Monthly Overview Central London Offices |
| 520 ## - SUMMARY, ETC. | |
| Summary, etc. | Reports that take-up in Central London was 800 500 sq ft in November, which is a 9% fall on last month. Based on the 6-month rolling average, take-up has increased from October by 8% and has increased in both the City and the West End by 6%. |
| 590 ## - LOCAL NOTE (RLIN) | |
| Local note | KA NTK |
| 650 24 - SUBJECT ADDED ENTRY--TOPICAL TERM | |
| Topical term or geographic name entry element | CB RICHARD ELLIS MONTHLY OVERVIEW |
| 651 #4 - SUBJECT ADDED ENTRY--GEOGRAPHIC NAME | |
| Geographic name | London |
| 690 ## - LOCAL SUBJECT ADDED ENTRY--TOPICAL TERM (OCLC, RLIN) | |
| Topical term or geographic name as entry element | PROPERTY-COMMERCIAL PROPERTY-COMMERCIAL PROPERTY MARKET |
| 856 40 - ELECTRONIC LOCATION AND ACCESS | |
| Uniform Resource Identifier | <a href="https://www.cbre.co.uk/">https://www.cbre.co.uk/</a> |
| Public note | View the item free of charge at www.cbre.co.uk... |
| 942 ## - ADDED ENTRY ELEMENTS (KOHA) | |
| Suppress in OPAC | 0 |
| Withdrawn status | Lost status | Source of classification or shelving scheme | Damaged status | Not for loan | Home library | Current library | Shelving location | Date acquired | Total Checkouts | Full call number | Barcode | Date last seen | Copy number | Price effective from | Koha item type |
|---|---|---|---|---|---|---|---|---|---|---|---|---|---|---|---|
| Dewey Decimal Classification | Virtual | Virtual | Online | 15/12/2009 | ONLINE PUBLICATION | 149033-2001 | 06/08/2019 | 1 | 06/08/2019 | Book |